Statistics for Champions League Italian Best Scorer by Year

Click here to take the quiz!

General Stats

  • This quiz has been taken 393 times
    (173 since last reset)
  • The average score is 14 of 27

Answer Stats

Scorer% Correct
Ciro Immobile
94%
Jorginho
88%
Alessandro Del Piero
85%
Filippo Inzaghi
85%
Federico Chiesa
84%
Simone Inzaghi
84%
Francesco Totti
83%
Lorenzo Insigne
83%
Giorgio Chiellini
77%
Leonardo Bonucci
77%
Daniele De Rossi
65%
Claudio Marchisio
54%
Christian Vieri
53%
Mario Balotelli
53%
Giacomo Raspadori
48%
Thiago Motta
43%
Fabio Quagliarella
36%
Alberto Gilardino
31%
Vincenzo Iaquinta
25%
Daniele Massaro
23%
Marco Simone
23%
Daniele Rugani
16%
Marco Borriello
13%
Marco Di Vaio
13%
Giampaolo Pazzini
9%
Nicola Amoruso
8%
Manolo Gabbiadini
3%

Score Distribution

Percentile by Number Answered

Percent of People with Each Score

Your Score History

You have not taken this quiz since the last reset